| 000 | 00355pab a2200145 454500 | ||
|---|---|---|---|
| 008 | 180718b2003 xxu||||| |||| 00| 0 eng d | ||
| 100 | _aSingh, M.P. | ||
| 245 | _aWorld policing through `interpol, in the era of interdependence | ||
| 260 | _c2003 | ||
| 300 | _ap.32-35. | ||
| 362 | _aApr | ||
| 650 | _aPolice | ||
| 773 | _aCBI Bulletin | ||
| 909 | _a58050 | ||
| 999 |
_c58050 _d58050 |
||